00805nam a2200229 i 4500001000300000003000900003005001700012008003900029015001700068040003500085080001000120100004100130245007200171250001800243260006600261300003300327380001700360504003400377650001400411710005200425856009800477bgKOSZ 00520200424112618.0071007s1968 pl a f 001 0 pol aPB 1968/2670 aWA NcKOSZ 005/RWdKOSZ 005/RW a37.021 aOkoń, Wincentyd(1914-2011)eAutor10aZarys dydaktyki ogólnej /cWincenty Okoń ; Instytut Pedagogiki. aWyd. 3 rozsz. aWarszawa :bPaństwowe Zakłady Wydawnictw Szkolnych,c1968. a323, [1] s. :bil. ;c23 cm. aKsiążki. aBibliogr. przy rozdz. Indeks. 4aNauczanie2 aPaństwowe Zakłady Wydawnictw Szkolnych4pbl. uhttp://koha.tu.koszalin.pl/cgi-bin/koha/opac-detail.pl?biblionumber=10952yKatalog online BPK